000 00245nam a2200109Ia 4500
082 _a651.74
_bMAL
100 _aMalik,R.M.S
245 _aBUSINESS COMMUNICATION
260 _bDHANPAT RAI PUB.
_aNEW DELHI
_c2003
300 _a175p.
942 _2ddc
_cFCM
999 _c6432
_d6432